| 000 | nam a22 a 4500 | ||
|---|---|---|---|
| 999 |
_c4713 _d4713 |
||
| 003 | BLK | ||
| 005 | 20230502153752.0 | ||
| 008 | 180412b bul|||||r ||||||| ||bul|| | ||
| 010 | _aKNG00005870000 | ||
| 040 | _aBLK | ||
| 041 |
_aBUL _cBUL |
||
| 080 |
_aГрижи за болния. Хигиена на болния - Хранене на болния, лична хигиена, сън, покой, термостати за кърмачета, първа помощ, грижи за инвалиди. Вж и 614.88 _b616-083 _x(075.4) _z616-083(075.4) |
||
| 100 | 1 |
_aКараколев, Живко _eпърви автор _9243515 |
|
| 139 |
_aКараколев, Живко _bК 32 |
||
| 245 | 1 | 0 |
_aСпешна медицина _bУч. помагало _cЖивко Караколев. |
| 260 |
_a[Ст. Загора] _bИзд. авт. _c1993 _f(Стара Загора : Литера принт) |
||
| 300 |
_a282 с. _bс ил., табл., сх. _c24 см |
||
| 380 | _a61 | ||
| 650 | 4 |
_aПърва медицинска помощ - учебни помагала _9249085 |
|
| 653 | _aмедицина | ||
| 852 |
_aЦб 174213 _bЦб |
||
| 856 | 4 |
_qpdf _u _i0.00 _ldisable |
|
| 942 |
_cKNG _n0 _s1 |
||
| 944 |
_aCR _c15.01.2003 _kВаля_Йорданова |
||
| 944 |
_aED _c2020-06-22 _kРенета Константинова |
||
| 999 | _d4713 | ||
| 999 | _d4713 | ||